| 000 | 00638nam a2200229Ia 4500 | ||
|---|---|---|---|
| 003 | OSt | ||
| 005 | 20220918192545.0 | ||
| 006 | a|||||r|||| 00| 0 | ||
| 007 | ta | ||
| 008 | 220917b |||||||| |||| 00| 0 eng d | ||
| 024 | _a68,994 | ||
| 037 | _cTextual | ||
| 040 |
_aARTS _cARTS _beng |
||
| 041 |
_2eng _aeng |
||
| 082 | _aR3:Q, G1 | ||
| 100 |
_aMacintosh Douglas Cycle _979429 |
||
| 245 | 0 | _aPilgrimage of faith in the world of modern thought | |
| 260 | _c1931 | ||
| 490 | _aUniversity of Calcutta , Stephanos Nirmalendu lectures | ||
| 942 |
_hR3:Q, G1 _cTEXL _2CC |
||
| 999 |
_c195157 _d195157 |
||